000 00753nam a2200217Ia 4500
003 GCL
008 140319s9999 xx 000 0 ara d
040 _aGCL /
_cGCL
082 0 4 _a953.084
_bا ت
100 1 _aابن اجا القونوى : شمس الدين محمد بن محمود بن خليل
245 1 0 _aتاريخ الامير يشبك الظاهرى /
_cابن اجا القونوى : شمس الدين محمد بن محمود بن خليل
700 1 _aعبدالقادر احمد طليمات
260 _a[S.N] :
_bدار الفكر العربى
300 _a200 ص
490 _a
650 0 4 _aمصر
650 0 4 _aتاريخ
650 0 4 _aدولة المماليك
650 0 4 _aيشبك الظاهرى
942 _2ddc
_cBK
999 _c33052
_d33052